| 000 | 00445nam a2200157 i 4500 | ||
|---|---|---|---|
| 001 | 65792 | ||
| 003 | ES-MaACL | ||
| 005 | 20230906165454.0 | ||
| 007 | t| | ||
| 008 | 040121s1967 sp ||||1| spa d | ||
| 100 | 1 |
_aFuentes, María de los Reyes. _952905 |
|
| 245 | 1 | 0 |
_aPozo de Jacob / _cMaría de los Reyes Fuentes. |
| 260 |
_aSevilla : _bAyuntamiento de Sevilla, _c1967. |
||
| 300 |
_a96 p. ; _c22 cm. |
||
| 852 |
_aES-MaACL _jC-33746 _bR.64444 |
||
| 999 |
_c65792 _d65792 |
||